|
|
|
|
| LEADER |
00000cam a22000004a 4500 |
| 001 |
musev2_3588 |
| 003 |
MdBmJHUP |
| 005 |
20230905040440.0 |
| 006 |
m o d |
| 007 |
cr||||||||nn|n |
| 008 |
090615s2009 kyu o 00 0 eng d |
| 010 |
|
|
|z 2009024161
|
| 020 |
|
|
|a 9780813173566
|
| 020 |
|
|
|z 9780813192376
|
| 020 |
|
|
|z 9780813139340
|
| 035 |
|
|
|a (OCoLC)646824774
|
| 040 |
|
|
|a MdBmJHUP
|c MdBmJHUP
|
| 043 |
|
|
|a n-us-ky
|
| 050 |
0 |
4 |
|a BF1472.U6
|b M397 2009
|
| 082 |
0 |
|
|a 133.109769
|2 22
|
| 100 |
1 |
|
|a McCormick, James,
|d 1935-
|
| 245 |
1 |
0 |
|a Ghosts of the Bluegrass /
|c James McCormick and Macy Wyatt ; foreword by William Lynwood Montell.
|
| 264 |
|
1 |
|a Lexington, Ky. :
|b University Press of Kentucky,
|c 2009.
|
| 264 |
|
3 |
|a Baltimore, Md. :
|b Project MUSE,
|c 2012
|
| 264 |
|
4 |
|c ©2009.
|
| 300 |
|
|
|a 1 online resource (200 pages):
|b ill. ;
|
| 336 |
|
|
|a text
|b txt
|2 rdacontent
|
| 337 |
|
|
|a computer
|b c
|2 rdamedia
|
| 338 |
|
|
|a online resource
|b cr
|2 rdacarrier
|
| 504 |
|
|
|a Includes bibliographical references.
|
| 505 |
0 |
|
|a Introduction -- Unfinished business -- Disappearing ghosts -- Mysterious events and haunted places -- Presences sensed by light, cold, or sound -- Poltergeists -- Communication with the dead -- Ghosts that weren't ghosts -- Ghosts at educational institutions -- Death omens and superstitions -- A collection of ghost stories -- A ghost story from the nineteenth century -- Conclusion.
|
| 588 |
|
|
|a Description based on print version record.
|
| 650 |
|
0 |
|a Parapsychology
|z Kentucky.
|
| 650 |
|
0 |
|a Ghosts
|z Kentucky.
|
| 650 |
|
0 |
|a Haunted places
|z Kentucky.
|
| 655 |
|
7 |
|a Electronic books.
|2 local
|
| 700 |
1 |
|
|a Wyatt, Macy,
|d 1935-
|
| 710 |
2 |
|
|a Project Muse.
|e distributor
|
| 830 |
|
0 |
|a Book collections on Project MUSE.
|
| 856 |
4 |
0 |
|z Texto completo
|u https://projectmuse.uam.elogim.com/book/3588/
|
| 945 |
|
|
|a Project MUSE - Custom Collection
|
| 945 |
|
|
|a Project MUSE - Archive Complete Foundation
|
| 945 |
|
|
|a Project MUSE - Archive US Regional Studies, South Foundation
|